Statistics for U.S. Geographic Groups of Five

Click here to take the quiz!

General Stats

  • This quiz has been taken 111 times
    (95 since last reset)
  • The average score is 35 of 60

Answer Stats

HintAnswer% Correct
Gulf Coast statesTexas
100%
Gulf Coast statesAlabama
99%
Gulf Coast statesFlorida
99%
Boroughs of NYCManhattan
99%
Gulf Coast statesLouisiana
97%
Gulf Coast statesMississippi
96%
Great LakesSuperior
96%
Great LakesErie
95%
Great LakesMichigan
95%
Boroughs of NYCQueens
94%
Boroughs of NYCThe Bronx
94%
Great LakesOntario
91%
Inhabited U.S. TerritoriesGuam
90%
Great LakesHuron
88%
Boroughs of NYCStaten Island
87%
Boroughs of NYCBrooklyn
84%
Inhabited U.S. TerritoriesPuerto Rico
84%
Border states along the 49th parallelNorth Dakota
81%
Border states along the 49th parallelWashington
81%
Border states along the 49th parallelMontana
79%
Border states along the 49th parallelMinnesota
78%
Inhabited U.S. TerritoriesU.S. Virgin Islands
78%
Border states along the 49th parallelIdaho
74%
Iowa cities (50k+) with two-word namesDes Moines
73%
Southern California counties over 2M populationLos Angeles
69%
Active volcanoes in WashingtonMount St. Helens
65%
Southern California counties over 2M populationSan Diego
65%
Counties of HawaiiHawaii
61%
Southern California counties over 2M populationOrange
57%
Inhabited U.S. TerritoriesAmerican Samoa
56%
"Five Tribes" of OklahomaCherokee
56%
Counties of HawaiiHonolulu
56%
Virginia cities (100k+) in the Hampton Roads conglomerationVirginia Beach
53%
National Parks in UtahZion
51%
Active volcanoes in WashingtonMount Rainier
48%
Counties of HawaiiMaui
44%
National Parks in UtahArches
40%
Virginia cities (100k+) in the Hampton Roads conglomerationNorfolk
40%
Inhabited U.S. TerritoriesNorthern Mariana Islands
39%
Iowa cities (50k+) with two-word namesIowa City
38%
Southern California counties over 2M populationSan Bernardino
38%
National Parks in UtahBryce Canyon
36%
Iowa cities (50k+) with two-word namesCedar Rapids
36%
Counties of HawaiiKauai
35%
"Five Tribes" of OklahomaChoctaw
32%
Virginia cities (100k+) in the Hampton Roads conglomerationNewport News
32%
Southern California counties over 2M populationRiverside
32%
"Five Tribes" of OklahomaSeminole
29%
Virginia cities (100k+) in the Hampton Roads conglomerationChesapeake
26%
Iowa cities (50k+) with two-word namesSioux City
26%
Virginia cities (100k+) in the Hampton Roads conglomerationHampton
25%
National Parks in UtahCanyonlands
22%
"Five Tribes" of OklahomaChickasaw
22%
"Five Tribes" of OklahomaMuscogee
22%
Active volcanoes in WashingtonMount Baker
21%
National Parks in UtahCapitol Reef
19%
Iowa cities (50k+) with two-word namesCouncil Bluffs
16%
Active volcanoes in WashingtonMount Adams
16%
Active volcanoes in WashingtonGlacier Peak
14%
Counties of HawaiiKalawao
10%

Score Distribution

Percentile by Number Answered

Percent of People with Each Score

Your Score History

You have not taken this quiz since the last reset